| 000 | 00364nam a2200145 a 4500 | ||
|---|---|---|---|
| 005 | 20140414132136.0 | ||
| 008 | 131127s19uu xx 00 eng d | ||
| 050 |
_aTR _bMum962 2010 |
||
| 245 | _aMums and babies. | ||
| 260 |
_aChina : _bMake Believe Ideas Ltd, _cc2010. |
||
| 300 | _a14 | ||
| 440 | _aMix and match | ||
| 650 |
_aMother- _xbabies |
||
| 999 |
_c115312 _d115312 |
||